000 02073cam a2200301 4500500
005 20260405003630.0
041 _afre
042 _adc
100 1 0 _aMondot, Jean
_eauthor
245 0 0 _aPerformativité des lumières : les projets d'émancipation de Toland et Dohm
260 _c2014.
500 _a48
520 _aRécemment, des thèses historiographiques hautement aventurées et contestables ont cherché à démontrer que les Lumières étaient responsables notamment de la dérive totalitaire (incluant l'antisémitisme) de la modernité. Il nous a paru important de montrer en analysant les essais de Toland et de Dohm que l'émancipation des Juifs quelles que soient les insuffisances des objectifs poursuivis ne pouvait être comprise que comme née de la philosophie des Lumières. Seules les Lumières possédaient assez de performativité pour inscrire dans la réalité juridique et politique des Etats cette demande d'émancipation. Et c'est bien par elles qu'elle fut réalisée.
520 _aRecently some highly tentative and questionable historiographical hypotheses have endeavored to argue that the Enlightenment could be blamed for some modem totalitarian currents such as antisemitism. Therefore in the light of Toland's and Dohm's essays, it seemed essential to show that the emancipation of the Jews was a byproduct of the Enlightenment, even if the professed goals were not always reached. This emancipation was brought on the judiciary and political agenda of the States and could only materialize thanks to the Enlightenment.
690 _achurch
690 _aÉglises
690 _aemancipation
690 _aJewish community
690 _aperformativité
690 _aperformativity
690 _aphilosophie des Lumières
690 _apolitical reforms
690 _aprejudices
690 _apréjugés
690 _aréformes politiques
786 0 _nLumières | 26 | 2 | 2014-02-24 | p. 23-41 | 1762-4630
856 4 1 _uhttps://shs.cairn.info/revue-lumieres-2015-2-page-23?lang=fr&redirect-ssocas=7080
999 _c2069470
_d2069470